Statistics for Territories by Country

Click here to take the quiz!

General Stats

  • This quiz has been taken 218 times
  • The average score is 10 of 12

Answer Stats

TerritoryCountry% Correct
GreenlandDenmark
99%
British Virgin IslandsUnited Kingdom
97%
TasmaniaAustralia
96%
U.S. Virgin IslandsUnited States
96%
Puerto RicoUnited States
93%
Kaliningrad OblastRussia
89%
ArubaNetherlands
88%
Sint MaartenNetherlands
88%
Easter IslandChile
87%
Saint MartinFrance
87%
Big Diomede IslandRussia
42%
Little Diomede IslandUnited States
42%

Score Distribution

Percentile by Number Answered

Percent of People with Each Score

Your Score History

You have not taken this quiz